000 00849 a2200241 4500
999 _c7181
_d7181
020 _a9780077121624
050 0 0 _aHB615 DEA 2009
100 1 _aDeakins, David,
_d1950-
_eauthor
245 1 0 _aEntrepreneurship and small firms /
_cDavid Deakins & Mark Freel
250 _a5th ed.
264 _aLondon :
_bThe McGraw- Hill,
_c2009.
300 _axxi, 362 p. :
_bill. ;
500 _aPrevious ed.: 1999.
504 _aIncludes bibliographical references and index.
650 0 _aEntrepreneurship
650 0 _aSmall business
650 0 _aSmall business
_xManagement.
650 0 _aNew business enterprises.
650 0 _aNew business enterprises
700 1 _aFreel, Mark S.
_eauthor
942 _2lcc
_cBK
_e5th ed.
_h615
_iDEA
_kHB